| 000 | 00870nmc a2200277 a 4500 | ||
|---|---|---|---|
| 003 | AR-BaBNM | ||
| 005 | 20251128205155.0 | ||
| 008 | 011101s1986 ||||||||||||||000 | spa|| | ||
| 020 | _a950-21-0454-4 | ||
| 040 | _cAR-BaBNM | ||
| 100 | 1 | _aManacorda de Rosetti, Mabel V. | |
| 245 | 1 | 0 | _a¿Gramática en el primer ciclo de la escuela primaria? |
| 250 | _a2ª ed. | ||
| 260 |
_aBuenos Aires _bPlus Ultra _c1986 |
||
| 300 | 0 |
_a110 p. _bil. |
|
| 490 | 0 |
_aDidáctica del lenguaje y la comunicación. Estudio sistemático de la lengua _vv. 10 |
|
| 504 | _aContiene bibliografía en p. 111 | ||
| 650 | 4 | _aGRAMATICA | |
| 650 | 4 | _aSINTAXIS | |
| 650 | 4 | _aMORFOLOGIA [LINGUISTICA] | |
| 653 | 0 | _aENSENANZA DE LA LENGUA | |
| 653 | 0 | _aEDUCACION PRIMARIA | |
| 700 | 1 | _aGrivot de Abate, María Esther | |
| 800 | 1 |
_aManacorda de Rosetti, Mabel V. _edirector |
|
| 942 | _cBK | ||
| 999 |
_c10296 _d10296 |
||